000 00465nam a22001937a 4500
003 MPLRDC
005 20220104144137.0
008 210129b ||||| |||| 00| 0 eng d
020 _a957-9685-37-1
082 _a536.2 ZSQ c.3
100 _a曾仕强著
245 _a中国人, 你心里在想什麽
_c
250 _a初版
260 _a
_b方智出版社
_c1991
300 _b
490 _a社会大学系列
650 _a
942 _cBK
_o536.2 ZSQ c.3
999 _c46796
_d46786